| 000 | 00510nam a2200181 a 4500 | ||
|---|---|---|---|
| 005 | 20140310183227.0 | ||
| 008 | 040308s19uu xx 00 eng d | ||
| 020 | _a0345347676 | ||
| 050 |
_aPS 3561.U69 _b.K96 1987 |
||
| 100 | _aKurtz, Katherine | ||
| 245 |
_aCamber of Culdi / _cKatherine Kurtz. |
||
| 260 |
_aNew York : _bBallantine Books, _c1976. |
||
| 300 |
_a313p. : _c17cm. |
||
| 500 | _a"Vol. I in the legends of Camber of Culdi". | ||
| 650 | _aFantasy Fiction | ||
| 942 |
_cBK _2lcc |
||
| 999 |
_c20416 _d20416 |
||